[Event "2. Bundesliga Ost 2010/2011"]
[Site "2+3.10.Zwettl,30.10-1.11.Wien,27+28.11.Wien,29+30.
[Date "2010.11.01"]
[Round "5"]
[Board "2"]
[White "Blatny, Pavel"]
[Black "Schroll, Gerhard"]
[Result "1/2-1/2"]
[WhiteElo "2402"]
[BlackElo "2449"]
[PlyCount "93"]
[EventDate "2010.10.02"]
[EventType "team"]
[EventRounds "11"]
[EventCountry "AUT"]
[WhiteTeam "SK Zwettl"]
[BlackTeam "1. Wr. Neustaedter SV"]

1.b3 f5 2.Bb2 Nf6 3.g3 e6 4.Bg2 d5 5.e3 Bd6 6.f4 Qe7 7.Nf3 Nbd7 8.O-O c6 9.d4 b6
10.Nbd2 Bb7 11.Ne5 O-O 12.h3 Ba3 13.Bxa3 Qxa3 14.Kh2 Ba6 15.Rg1 Nxe5 16.dxe5 Ne4
17.Nxe4 fxe4 18.Qd2 Rad8 19.h4 Qe7 20.Rad1 c5 21.Qe1 Bb7 22.Rd2 Bc6 23.Qe2 b5
24.Rgd1 c4 25.Qe1 a5 26.Bh3 Rfe8 27.Rg2 Qa3 28.g4 a4 29.f5 axb3 30.cxb3 exf5
31.gxf5 Qe7 32.e6 Qf6 33.Qg3 Re7 34.Qg5 Kh8 35.Qf4 Ra7 36.h5 Be8 37.h6 Bh5
38.Rdg1 gxh6 39.Qg3 Raa8 40.Qc7 Rdc8 41.Qf4 Bf3 42.Rf2 Rg8 43.Rxg8+ Rxg8 44.Bg2
Rg4 45.Qb8+ Rg8 46.Qf4 Rg4 47.Qb8+ 1/2-1/2

[Event "2. Bundesliga Ost 2010/2011"]
[Site "2+3.10.Zwettl,30.10-1.11.Wien,27+28.11.Wien,29+30.
[Date "2010.11.01"]
[Round "5"]
[Board "3"]
[White "Steiner, Adam"]
[Black "Vyskocil, Neklan"]
[Result "1/2-1/2"]
[WhiteElo "2232"]
[BlackElo "2376"]
[PlyCount "84"]
[EventDate "2010.10.02"]
[EventType "team"]
[EventRounds "11"]
[EventCountry "AUT"]
[WhiteTeam "1. Wr. Neustaedter SV"]
[BlackTeam "SK Zwettl"]

1.e4 c5 2.Nf3 d6 3.d4 cxd4 4.Nxd4 Nf6 5.Nc3 Nc6 6.Be2 e6 7.O-O Be7 8.f4 O-O
9.Be3 Bd7 10.Kh1 Qc7 11.Qe1 a6 12.Bf3 Rac8 13.Qg3 Kh8 14.e5 dxe5 15.Nxc6 Bxc6
16.fxe5 Nd5 17.Nxd5 Bxd5 18.Bxd5 exd5 19.c3 Bc5 20.Rad1 Bxe3 21.Qxe3 Rcd8 22.Qd4
Kg8 23.Rfe1 Rfe8 24.Qh4 Rd7 25.Qa4 Qc6 26.Qxc6 bxc6 27.c4 Kf8 28.Kg1 d4 29.b4 d3
30.a3 Ke7 31.Rd2 Red8 32.Kf2 Rd4 33.Re3 Ke6 34.c5 R8d5 35.h3 a5 36.bxa5 Rxc5
37.Rdxd3 Rxd3 38.Rxd3 Kxe5 39.Rd7 Ke6 40.Rc7 Rf5+ 41.Ke3 Kd6 42.Rb7 Rxa5 1/2-1/2

[Event "2. Bundesliga Ost 2010/2011"]
[Site "2+3.10.Zwettl,30.10-1.11.Wien,27+28.11.Wien,29+30.
[Date "2010.11.01"]
[Round "5"]
[Board "4"]
[White "Pisk, Petr"]
[Black "Todor, Razvan"]
[Result "1-0"]
[WhiteElo "2313"]
[BlackElo "2221"]
[PlyCount "43"]
[EventDate "2010.10.02"]
[EventType "team"]
[EventRounds "11"]
[EventCountry "AUT"]
[WhiteTeam "SK Zwettl"]
[BlackTeam "1. Wr. Neustaedter SV"]

1.c4 c5 2.Nf3 Nc6 3.g3 Nf6 4.Bg2 d5 5.cxd5 Nxd5 6.d4 e6 7.O-O Be7 8.Nc3 Nc7
9.dxc5 Qxd1 10.Rxd1 Bxc5 11.Bf4 Na6 12.a3 Be7 13.b4 Ncb8 14.Nb5 Nd7 15.Rac1 Bf6
16.Nxa7 Ke7 17.Bd6+ Kd8 18.Nxc8 Rxc8 19.Rxc8+ Kxc8 20.Rc1+ Kd8 21.b5 Nab8 22.Nd2
1-0

[Event "2. Bundesliga Ost 2010/2011"]
[Site "2+3.10.Zwettl,30.10-1.11.Wien,27+28.11.Wien,29+30.
[Date "2010.11.01"]
[Round "5"]
[Board "5"]
[White "Wiedner, Robert"]
[Black "Wagner, Stefan"]
[Result "1/2-1/2"]
[WhiteElo "2189"]
[BlackElo "2173"]
[PlyCount "82"]
[EventDate "2010.10.02"]
[EventType "team"]
[EventRounds "11"]
[EventCountry "AUT"]
[WhiteTeam "1. Wr. Neustaedter SV"]
[BlackTeam "SK Zwettl"]

1.c4 Nf6 2.g3 e5 3.Bg2 d5 4.cxd5 Nxd5 5.Nf3 Nc6 6.O-O Nb6 7.d3 Be7 8.Nc3 O-O
9.a4 a5 10.Nb5 Be6 11.Bd2 f6 12.Bc3 Nd5 13.e4 Ndb4 14.d4 Bc4 15.Re1 exd4
16.Nfxd4 Nxd4 17.Nxd4 Bc5 18.Bf1 Bf7 19.Nf5 Qxd1 20.Rexd1 Rad8 21.Kg2 Bb3
22.Rxd8 Rxd8 23.f4 Nc2 24.Rc1 Bb4 25.Bxb4 axb4 26.Bc4+ Bxc4 27.Rxc2 Bd3 28.Ne7+
Kf8 29.Rxc7 Bxe4+ 30.Kf2 f5 31.g4 g6 32.Nc8 Rd2+ 33.Ke3 Rd3+ 34.Ke2 Rb3 35.Nd6
Rxb2+ 36.Ke3 Rxh2 37.Nxe4 fxe4 38.Rxb7 b3 39.Kxe4 Ra2 40.Rxb3 Rxa4+ 41.Ke5 Ra5+ 1/2-1/2

[Event "2. Bundesliga Ost 2010/2011"]
[Site "2+3.10.Zwettl,30.10-1.11.Wien,27+28.11.Wien,29+30.
[Date "2010.11.01"]
[Round "5"]
[Board "6"]
[White "Stadler, Peter"]
[Black "Lucaci, Marius"]
[Result "1/2-1/2"]
[WhiteElo "2169"]
[BlackElo "2148"]
[PlyCount "79"]
[EventDate "2010.10.02"]
[EventType "team"]
[EventRounds "11"]
[EventCountry "AUT"]
[WhiteTeam "SK Zwettl"]
[BlackTeam "1. Wr. Neustaedter SV"]

1.d4 d5 2.c4 c6 3.cxd5 cxd5 4.Nc3 Nc6 5.Bf4 Nf6 6.Nf3 Bf5 7.Qb3 Na5 8.Qa4+ Bd7
9.Qc2 e6 10.e3 Rc8 11.Bd3 b5 12.a3 Nc4 13.O-O Be7 14.Qe2 a6 15.h3 O-O 16.Be5 h6
17.g4 Nh7 18.e4 Bc6 19.exd5 Bxd5 20.Nxd5 exd5 21.Rae1 Re8 22.Bf5 Rc6 23.Bg3 g6
24.Bb1 Re6 25.Qc2 Bf6 26.Rxe6 Rxe6 27.Qc1 Ng5 28.Nxg5 hxg5 29.b3 Nd6 30.Re1 Ne4
31.Bxe4 dxe4 32.Be5 Bxe5 33.dxe5 Rxe5 34.Re3 Qd6 35.b4 Rd5 36.Qc8+ Kg7 37.Rxe4
Rd1+ 38.Kg2 Qd5 39.Qc3+ Kh7 40.Qf3 1/2-1/2

[Event "2. Bundesliga Ost 2010/2011"]
[Site "2+3.10.Zwettl,30.10-1.11.Wien,27+28.11.Wien,29+30.
[Date "2010.11.01"]
[Round "5"]
[Board "2"]
[White "Mahdy, Khaled"]
[Black "Volkmann, Friedrich Karl"]
[Result "1/2-1/2"]
[WhiteElo "2401"]
[BlackElo "2409"]
[PlyCount "35"]
[EventDate "2010.10.02"]
[EventType "team"]
[EventRounds "11"]
[EventCountry "AUT"]
[WhiteTeam "Raiffeisen Waehring"]
[BlackTeam "ASVOE Wulkaprodersdorf"]

1.e4 e5 2.Nf3 Nf6 3.Nxe5 Nxe4 4.Qe2 Qe7 5.Qxe4 d6 6.d4 dxe5 7.dxe5 Nc6 8.Bb5 Bd7
9.O-O O-O-O 10.Nc3 Nxe5 11.Be3 Bxb5 12.Nxb5 a6 13.Nc3 Nc6 14.Qc4 Ne5 15.Qe4 Nc6
16.Qc4 Ne5 17.Qe4 Nc6 18.Qc4 1/2-1/2

[Event "2. Bundesliga Ost 2010/2011"]
[Site "2+3.10.Zwettl,30.10-1.11.Wien,27+28.11.Wien,29+30.
[Date "2010.11.01"]
[Round "5"]
[Board "3"]
[White "Sandhu, Mario"]
[Black "Alvir, Aco"]
[Result "1/2-1/2"]
[WhiteElo "2330"]
[BlackElo "2360"]
[PlyCount "71"]
[EventDate "2010.10.02"]
[EventType "team"]
[EventRounds "11"]
[EventCountry "AUT"]
[WhiteTeam "ASVOE Wulkaprodersdorf"]
[BlackTeam "Raiffeisen Waehring"]

1.e4 c5 2.Nf3 d6 3.Bb5+ Bd7 4.Qe2 e6 5.O-O Bxb5 6.Qxb5+ Qd7 7.Qxd7+ Nxd7 8.d3
Ngf6 9.Nbd2 Be7 10.Re1 O-O 11.a4 Rac8 12.b3 Nb8 13.Nc4 d5 14.exd5 Nxd5 15.Bb2
Nc6 16.Nfe5 Ncb4 17.Re2 Rfd8 18.g3 Bf8 19.Ng4 Nc6 20.Kg2 Nd4 21.Rd2 Ne7 22.Nge5
Rd5 23.f4 Rcd8 24.Ne3 R5d6 25.N3c4 Ra6 26.Bxd4 Rxd4 27.Rad1 Nf5 28.Nf3 Rxc4
29.dxc4 Ne3+ 30.Kf2 Nxd1+ 31.Rxd1 Rd6 32.Rd3 f6 33.Nd2 Kf7 34.Ne4 Rxd3 35.cxd3
Be7 36.Ke3 1/2-1/2

[Event "2. Bundesliga Ost 2010/2011"]
[Site "2+3.10.Zwettl,30.10-1.11.Wien,27+28.11.Wien,29+30.
[Date "2010.11.01"]
[Round "5"]
[Board "5"]
[White "Steinwender, Peter"]
[Black "Nolz, Tom"]
[Result "0-1"]
[WhiteElo "2094"]
[BlackElo "2165"]
[PlyCount "92"]
[EventDate "2010.10.02"]
[EventType "team"]
[EventRounds "11"]
[EventCountry "AUT"]
[WhiteTeam "ASVOE Wulkaprodersdorf"]
[BlackTeam "Raiffeisen Waehring"]

1.e4 c5 2.Nf3 d6 3.d4 cxd4 4.Nxd4 Nf6 5.Nc3 g6 6.Be3 Bg7 7.f3 O-O 8.Qd2 Nc6 9.g4
Be6 10.g5 Nxd4 11.Bxd4 Nh5 12.Bxg7 Nxg7 13.O-O-O Qa5 14.Kb1 Rfc8 15.Nd5 Qd8
16.f4 Rc5 17.Be2 Rac8 18.c4 Bxd5 19.cxd5 Qd7 20.h4 Qa4 21.Bf3 Rc2 22.Qd3 e6
23.Rc1 Rxc1+ 24.Rxc1 Rxc1+ 25.Kxc1 Qxa2 26.e5 Qa1+ 27.Kc2 Qa4+ 28.Kb1 Qxf4
29.dxe6 Nxe6 30.exd6 Qxh4 31.d7 Qxg5 32.Bxb7 h5 33.Bd5 Nd8 34.Qd4 h4 35.Ka2 h3
36.Qe4 Kg7 37.Ka3 h2 38.b4 Qf6 39.Ka4 Ne6 40.Bxe6 fxe6 41.Kb5 Qf1+ 42.Kc5 h1=Q
43.Qe5+ Kh7 44.d8=Q Qc1+ 45.Kd6 Qcd1+ 46.Ke7 Qxd8+ 0-1

[Event "2. Bundesliga Ost 2010/2011"]
[Site "2+3.10.Zwettl,30.10-1.11.Wien,27+28.11.Wien,29+30.
[Date "2010.11.01"]
[Round "5"]
[Board "6"]
[White "Schweitzer, Werner"]
[Black "Rampler, Evelyn"]
[Result "1-0"]
[WhiteElo "2119"]
[BlackElo "1842"]
[PlyCount "73"]
[EventDate "2010.10.02"]
[EventType "team"]
[EventRounds "11"]
[EventCountry "AUT"]
[WhiteTeam "Raiffeisen Waehring"]
[BlackTeam "ASVOE Wulkaprodersdorf"]

1.e4 c5 2.Nf3 e6 3.d4 cxd4 4.Nxd4 Nc6 5.Nc3 Qc7 6.Be3 a6 7.Bd3 Nf6 8.O-O Bb4
9.Nce2 Ne5 10.f3 b5 11.Rc1 Bb7 12.a3 Bd6 13.Ng3 Nc4 14.Bxc4 bxc4 15.Qe2 c3 16.b4
Bxg3 17.hxg3 Qxg3 18.Bf2 Qc7 19.Qd3 h5 20.Ne2 Rc8 21.Bc5 d5 22.Nxc3 h4 23.exd5
Nxd5 24.Ne4 h3 25.Nd6+ Kd7 26.g3 Rh5 27.Kh2 Rch8 28.c4 R8h6 29.Nxb7 Qxb7 30.cxd5
Rxd5 31.Qc3 Rg6 32.Rcd1 Ke8 33.Qb3 Qc7 34.Qa4+ Kd8 35.f4 Qb7 36.Rxd5+ Qxd5
37.Rd1 1-0

[Event "2. Bundesliga Ost 2010/2011"]
[Site "2+3.10.Zwettl,30.10-1.11.Wien,27+28.11.Wien,29+30.
[Date "2010.11.01"]
[Round "5"]
[Board "1"]
[White "Wukits, Rene"]
[Black "Poetz, Florian"]
[Result "0-1"]
[WhiteElo "2307"]
[BlackElo "2350"]
[PlyCount "60"]
[EventDate "2010.10.02"]
[EventType "team"]
[EventRounds "11"]
[EventCountry "AUT"]
[WhiteTeam "SV Tschaturanga Neubau"]
[BlackTeam "Niederabsdorf"]

1.d4 d5 2.Nf3 Nf6 3.c4 c6 4.Nc3 dxc4 5.a4 Bf5 6.g3 e6 7.Bg2 Bb4 8.O-O Ne4 9.Ne5
Nxc3 10.bxc3 Bxc3 11.Ba3 Qxd4 12.Nxc4 Bxa1 13.Qb3 Nd7 14.Nd6+ Kd8 15.Rd1 Qb6
16.Nxf7+ Kc8 17.Qa2 Bd4 18.e4 Bxf2+ 19.Kh1 Bg4 20.Rb1 Qd4 21.Nd6+ Kd8 22.Nf7+
Kc7 23.Bd6+ Kc8 24.Be7 Nc5 25.Nxh8 Qd7 26.Qxf2 Qxe7 27.Nf7 Bh5 28.Ne5 Nxa4
29.Qd4 Nb6 30.g4 Be8 0-1

[Event "2. Bundesliga Ost 2010/2011"]
[Site "2+3.10.Zwettl,30.10-1.11.Wien,27+28.11.Wien,29+30.
[Date "2010.11.01"]
[Round "5"]
[Board "2"]
[White "Schwarhofer, Christopher"]
[Black "Kreindl, Helmut"]
[Result "1-0"]
[WhiteElo "2222"]
[BlackElo "2179"]
[PlyCount "89"]
[EventDate "2010.10.02"]
[EventType "team"]
[EventRounds "11"]
[EventCountry "AUT"]
[WhiteTeam "Niederabsdorf"]
[BlackTeam "SV Tschaturanga Neubau"]

1.e4 d5 2.exd5 Qxd5 3.Nc3 Qd6 4.d4 Nf6 5.Nf3 c6 6.Ne5 Nbd7 7.Bf4 Nxe5 8.Bxe5 Qd8
9.Bxf6 exf6 10.d5 Bb4 11.Qe2+ Qe7 12.Qxe7+ Kxe7 13.dxc6 Bxc3+ 14.bxc3 bxc6
15.Bd3 Be6 16.Kd2 Rab8 17.Rhb1 Kd6 18.c4 Rb6 19.Kc3 Kc5 20.Rb3 Rhb8 21.Ra3 R6b7
22.Rb3 h6 23.f4 g6 24.h4 a5 25.Rab1 Rxb3+ 26.cxb3 g5 27.f5 Bd7 28.a3 Kd6 29.b4
axb4+ 30.axb4 Ke5 31.g3 gxh4 32.Re1+ Kd6 33.c5+ Kc7 34.gxh4 Re8 35.Rxe8 Bxe8
36.Kd4 Kd8 37.Ke4 Ke7 38.b5 cxb5 39.Kd5 Bd7 40.c6 Bc8 41.Kc5 b4 42.Kxb4 Kd6
43.Kb5 Kd5 44.Kb6 Kd6 45.Bb1 1-0

[Event "2. Bundesliga Ost 2010/2011"]
[Site "2+3.10.Zwettl,30.10-1.11.Wien,27+28.11.Wien,29+30.
[Date "2010.11.01"]
[Round "5"]
[Board "3"]
[White "Kleiser, Gregor"]
[Black "Schreiner, Peter"]
[Result "0-1"]
[WhiteElo "2258"]
[BlackElo "2257"]
[PlyCount "144"]
[EventDate "2010.10.02"]
[EventType "team"]
[EventRounds "11"]
[EventCountry "AUT"]
[WhiteTeam "SV Tschaturanga Neubau"]
[BlackTeam "Niederabsdorf"]

1.d4 Nf6 2.Nf3 d5 3.c4 c6 4.cxd5 cxd5 5.Nc3 Nc6 6.Bf4 e6 7.e3 Be7 8.Bd3 Nh5
9.Bg3 Nxg3 10.hxg3 f5 11.O-O O-O 12.Rc1 Bd7 13.Nd2 a6 14.a3 b6 15.b4 a5 16.b5
Na7 17.Qb3 Bc8 18.f4 Qd6 19.Ncb1 Bd7 20.Nf3 Rfc8 21.Ne5 Be8 22.g4 fxg4 23.Nxg4
g6 24.Qb2 Rxc1 25.Rxc1 Rc8 26.Rf1 Rc7 27.Qe2 Qd8 28.a4 Nc8 29.Nd2 Nd6 30.Nf3 Qc8
31.Nfe5 Rc1 32.Rxc1 Qxc1+ 33.Kh2 Kg7 34.Qf3 Qe1 35.Nf2 Nf7 36.Nxf7 Bxf7 37.g4
Bh4 38.Nh3 Qb4 39.Qd1 Be1 40.Kg2 h6 41.Kf1 Bh4 42.Ng1 Qb2 43.Bc2 Qc3 44.Ke2 Be7
45.Nf3 Bb4 46.Kf2 Be8 47.Qe2 Qa1 48.Kg2 Qc1 49.Qd3 Qa3 50.Qe2 Qc1 51.Ne5 Qd2
52.Qxd2 Bxd2 53.Kf3 Kf6 54.g5+ hxg5 55.Ng4+ Kg7 56.fxg5 Bb4 57.Nf6 Kf8 58.Kg4
Ke7 59.Kf4 Bf7 60.Kf3 Bd6 61.Ng4 Be8 62.Bb3 Bf7 63.Ke2 Bc7 64.Nf6 Bd8 65.Kf3 Kd6
66.Kf4 Bc7 67.e4 Ke7+ 68.Ke3 Kd6 69.Ng4 Ke7 70.exd5 exd5 71.Ne5 Bxe5 72.dxe5 d4+
0-1

[Event "2. Bundesliga Ost 2010/2011"]
[Site "2+3.10.Zwettl,30.10-1.11.Wien,27+28.11.Wien,29+30.
[Date "2010.11.01"]
[Round "5"]
[Board "4"]
[White "Wolfram, Bernd"]
[Black "Ponjican, Erich"]
[Result "1-0"]
[WhiteElo "2186"]
[BlackElo "2206"]
[PlyCount "87"]
[EventDate "2010.10.02"]
[EventType "team"]
[EventRounds "11"]
[EventCountry "AUT"]
[WhiteTeam "Niederabsdorf"]
[BlackTeam "SV Tschaturanga Neubau"]

1.c4 c6 2.g3 d5 3.Bg2 Nf6 4.Nf3 e6 5.O-O Nbd7 6.d4 Be7 7.b3 O-O 8.Bb2 b6 9.Nbd2
Bb7 10.Ne5 Rc8 11.Rc1 c5 12.e3 cxd4 13.exd4 Rc7 14.Qe2 Qa8 15.f4 dxc4 16.bxc4
Bxg2 17.Qxg2 g6 18.a4 Bb4 19.Bc3 Bxc3 20.Rxc3 Rb8 21.Qxa8 Rxa8 22.Re1 Rd8
23.Ndf3 h6 24.Rcc1 Rdc8 25.Kf2 Nf8 26.Rcd1 Rd8 27.g4 N6h7 28.d5 exd5 29.cxd5
Rc2+ 30.Re2 Rxe2+ 31.Kxe2 Nf6 32.d6 Ne4 33.Rd4 f5 34.gxf5 gxf5 35.d7 Nc5 36.Nh4
Nfe6 37.Rd1 Nxf4+ 38.Ke3 Nfe6 39.Nxf5 Nf8 40.Rg1+ Ng6 41.Rxg6+ Kf8 42.Rf6+ Kg8
43.Ne7+ Kg7 44.Rf7+ 1-0

[Event "2. Bundesliga Ost 2010/2011"]
[Site "2+3.10.Zwettl,30.10-1.11.Wien,27+28.11.Wien,29+30.
[Date "2010.11.01"]
[Round "5"]
[Board "5"]
[White "Dueckstein, Andreas"]
[Black "Hansen, Kay"]
[Result "1/2-1/2"]
[WhiteElo "2266"]
[BlackElo "2247"]
[PlyCount "103"]
[EventDate "2010.10.02"]
[EventType "team"]
[EventRounds "11"]
[EventCountry "AUT"]
[WhiteTeam "SV Tschaturanga Neubau"]
[BlackTeam "Niederabsdorf"]

1.e4 c6 2.d4 d5 3.exd5 cxd5 4.Bd3 Nf6 5.h3 e6 6.Nf3 Bd6 7.O-O b6 8.Nc3 a6 9.Re1
b5 10.Bg5 O-O 11.Ne5 Nbd7 12.Qf3 Qc7 13.Nxd7 Nxd7 14.Qh5 g6 15.Qh4 Bb7 16.Ne2
Rfe8 17.c3 Bc6 18.Bf4 a5 19.Qg3 Bxf4 20.Qxf4 Qxf4 21.Nxf4 Nb6 22.Rac1 Rec8
23.Bf1 Be8 24.Nd3 Na4 25.Rc2 Rc7 26.Rec1 Rac8 27.a3 g5 28.Re2 Kg7 29.Rce1 Rb8
30.f4 gxf4 31.Nxf4 Bd7 32.Rf2 Nb6 33.Nh5+ Kg8 34.Re3 b4 35.cxb4 axb4 36.axb4 Nc4
37.Nf6+ Kf8 38.Rc3 Rcb7 39.Nxh7+ Ke7 40.Bxc4 dxc4 41.Nf6 Rxb4 42.Nxd7 Kxd7
43.Rxf7+ Kd6 44.Rc2 Kd5 45.Rd7+ Ke4 46.Kh2 Rxb2 47.Rxc4 Rg8 48.d5+ Ke5 49.Rg4
Rxg4 50.hxg4 exd5 51.Kg3 d4 52.g5 1/2-1/2

[Event "2. Bundesliga Ost 2010/2011"]
[Site "2+3.10.Zwettl,30.10-1.11.Wien,27+28.11.Wien,29+30.
[Date "2010.11.01"]
[Round "5"]
[Board "6"]
[White "Wiedermann, Daniel"]
[Black "Schwaninger, Wolfgang"]
[Result "1/2-1/2"]
[WhiteElo "2192"]
[BlackElo "2146"]
[PlyCount "103"]
[EventDate "2010.10.02"]
[EventType "team"]
[EventRounds "11"]
[EventCountry "AUT"]
[WhiteTeam "Niederabsdorf"]
[BlackTeam "SV Tschaturanga Neubau"]

1.d4 d5 2.c4 e6 3.Nf3 Nf6 4.Nc3 c6 5.e3 Bd6 6.Qc2 Nbd7 7.Be2 O-O 8.b3 Re8 9.Bb2
e5 10.cxd5 cxd5 11.dxe5 Nxe5 12.O-O Bd7 13.Rfd1 Rc8 14.Rac1 Qe7 15.Qd2 Bc6
16.Nd4 Bb4 17.Qc2 Bxc3 18.Qxc3 Neg4 19.Bxg4 Bd7 20.Qxc8 Rxc8 21.Rxc8+ Bxc8
22.Bxc8 g6 23.Rc1 Qb4 24.Nf3 Ne4 25.Bf5 Nc5 26.Bb1 f5 27.Rd1 Ne6 28.Rxd5 f4
29.e4 g5 30.h3 h5 31.Kf1 g4 32.hxg4 hxg4 33.Ng5 Nxg5 34.Rxg5+ Kf8 35.Rd5 Qb6
36.Ba3+ Ke8 37.Bd3 a6 38.e5 g3 39.Bc5 Qh6 40.Be4 b6 41.Bd4 f3 42.Bxf3 Qc1+
43.Ke2 Qc2+ 44.Ke3 Qc1+ 45.Ke2 Qc2+ 46.Ke1 Qb1+ 47.Ke2 Qxa2+ 48.Ke1 Qb1+ 49.Ke2
Qc2+ 50.Ke1 Qb1+ 51.Ke2 Qc2+ 52.Ke1 1/2-1/2

[Event "2. Bundesliga Ost 2010/2011"]
[Site "2+3.10.Zwettl,30.10-1.11.Wien,27+28.11.Wien,29+30.
[Date "2010.11.01"]
[Round "5"]
[Board "1"]
[White "Boros, Denez"]
[Black "Videki, Sandor"]
[Result "1-0"]
[WhiteElo "2508"]
[BlackElo "2441"]
[PlyCount "45"]
[EventDate "2010.10.02"]
[EventType "team"]
[EventRounds "11"]
[EventCountry "AUT"]
[WhiteTeam "Husek Wien"]
[BlackTeam "Spg Data Technology Eichgraben/P."]

1.d4 d5 2.c4 c6 3.Nc3 dxc4 4.e3 b5 5.a4 b4 6.Na2 e6 7.Bxc4 Nf6 8.Nf3 Nbd7 9.O-O
Be7 10.Qe2 a5 11.b3 O-O 12.Bb2 Bb7 13.Rfd1 Qb6 14.Nc1 c5 15.Nd3 Rac8 16.Bb5 Rfd8
17.Nfe5 Qa7 18.Rac1 Rc7 19.Nxd7 Nxd7 20.dxc5 Qa8 21.Qg4 Bf6 22.Qg3 Rcc8 23.Bxd7 1-0

[Event "2. Bundesliga Ost 2010/2011"]
[Site "2+3.10.Zwettl,30.10-1.11.Wien,27+28.11.Wien,29+30.
[Date "2010.11.01"]
[Round "5"]
[Board "2"]
[White "Ganaus, Hannes"]
[Black "Mihok, Oliver"]
[Result "1-0"]
[WhiteElo "2310"]
[BlackElo "2463"]
[PlyCount "77"]
[EventDate "2010.10.02"]
[EventType "team"]
[EventRounds "11"]
[EventCountry "AUT"]
[WhiteTeam "Spg Data Technology Eichgraben/P."]
[BlackTeam "Husek Wien"]

1.d4 d5 2.c4 c6 3.Nf3 Nf6 4.Nc3 e6 5.Qc2 Nbd7 6.Bd2 Bd6 7.e4 dxe4 8.Nxe4 Nxe4
9.Qxe4 c5 10.O-O-O Nf6 11.Qh4 Qe7 12.Bd3 Bd7 13.g4 O-O-O 14.g5 Ne8 15.Rhe1 Nc7
16.Qe4 Kb8 17.Kb1 Bc8 18.b4 cxd4 19.c5 Bxc5 20.bxc5 Qxc5 21.Ka1 Ka8 22.Rc1 Qb6
23.Rb1 Qc6 24.Ne5 Qxe4 25.Rxe4 Rhf8 26.Bb4 f5 27.Rh4 Rg8 28.Rxh7 Nd5 29.Bd2 b6
30.h4 Bb7 31.Rc1 Rh8 32.Rxh8 Rxh8 33.Ng6 Re8 34.Re1 Nc3 35.Bxc3 dxc3 36.Kb1 Bd5
37.Bxf5 Rc8 38.Be4 c2+ 39.Kc1 1-0

[Event "2. Bundesliga Ost 2010/2011"]
[Site "2+3.10.Zwettl,30.10-1.11.Wien,27+28.11.Wien,29+30.
[Date "2010.11.01"]
[Round "5"]
[Board "3"]
[White "Binder, Michael"]
[Black "Neumeier, Klaus"]
[Result "1/2-1/2"]
[WhiteElo "2294"]
[BlackElo "2374"]
[PlyCount "60"]
[EventDate "2010.10.02"]
[EventType "team"]
[EventRounds "11"]
[EventCountry "AUT"]
[WhiteTeam "Husek Wien"]
[BlackTeam "Spg Data Technology Eichgraben/P."]

1.d4 Nf6 2.Nf3 g6 3.g3 Bg7 4.Bg2 O-O 5.O-O d6 6.c4 Nbd7 7.Nc3 e5 8.e4 exd4
9.Nxd4 Re8 10.h3 a6 11.Be3 Rb8 12.b3 c5 13.Nde2 b5 14.Qxd6 b4 15.Na4 Nxe4
16.Bxe4 Rxe4 17.Rad1 Qe8 18.Nxc5 Rxe3 19.Nxd7 Rxe2 20.Nxb8 Bf8 21.Qd8 Bxh3
22.Qxe8 Rxe8 23.Nd7 Bg7 24.Rd6 Bxf1 25.Kxf1 a5 26.Nf6+ Bxf6 27.Rxf6 Re5 28.Rd6
Kf8 29.Rd2 h5 30.Re2 Rf5 1/2-1/2

[Event "2. Bundesliga Ost 2010/2011"]
[Site "2+3.10.Zwettl,30.10-1.11.Wien,27+28.11.Wien,29+30.
[Date "2010.11.01"]
[Round "5"]
[Board "4"]
[White "Weissenbeck, Manuel"]
[Black "Juhasz, Kristof"]
[Result "1-0"]
[WhiteElo "2316"]
[BlackElo "2268"]
[PlyCount "99"]
[EventDate "2010.10.02"]
[EventType "team"]
[EventRounds "11"]
[EventCountry "AUT"]
[WhiteTeam "Spg Data Technology Eichgraben/P."]
[BlackTeam "Husek Wien"]

1.d4 Nf6 2.Nf3 d5 3.c4 e6 4.Nc3 c5 5.cxd5 Nxd5 6.e4 Nxc3 7.bxc3 cxd4 8.cxd4 Bb4+
9.Bd2 Bxd2+ 10.Qxd2 O-O 11.Be2 b6 12.O-O Bb7 13.Qe3 Nc6 14.Rfd1 Rc8 15.Rac1 Qe7
16.a3 Na5 17.Ne5 Rfd8 18.h3 Nc6 19.Nxc6 Rxc6 20.Rxc6 Bxc6 21.Bf3 Qd7 22.d5 exd5
23.exd5 Ba4 24.Rd4 Bb5 25.d6 Re8 26.Qf4 Qe6 27.Bg4 Qf6 28.d7 Rd8 29.Qc7 g6 30.a4
Ba6 31.Re4 Kf8 32.Qxa7 Bd3 33.Re3 Bf5 34.Bxf5 Qxf5 35.Qxb6 Qxd7 36.a5 Qd1+
37.Kh2 Rd6 38.Qb2 f6 39.Qb7 Rd7 40.Qb8+ Kg7 41.a6 Qa4 42.Re6 Rf7 43.Rb6 Qa2
44.Qd6 Qxf2 45.Rb7 Qa2 46.Rxf7+ Kxf7 47.Qd7+ Kg8 48.a7 Qa5 49.Qc8+ Kg7 50.Qb8 1-0

[Event "2. Bundesliga Ost 2010/2011"]
[Site "2+3.10.Zwettl,30.10-1.11.Wien,27+28.11.Wien,29+30.
[Date "2010.11.01"]
[Round "5"]
[Board "5"]
[White "Zojer, Stefan"]
[Black "Pichler, Michael"]
[Result "0-1"]
[WhiteElo "2043"]
[BlackElo "2253"]
[PlyCount "64"]
[EventDate "2010.10.02"]
[EventType "team"]
[EventRounds "11"]
[EventCountry "AUT"]
[WhiteTeam "Husek Wien"]
[BlackTeam "Spg Data Technology Eichgraben/P."]

1.e4 e6 2.d4 d5 3.Nd2 Nc6 4.Ngf3 Nf6 5.e5 Nd7 6.Bb5 a6 7.Bxc6 bxc6 8.O-O c5 9.c3
cxd4 10.cxd4 c5 11.Re1 Be7 12.dxc5 Nxc5 13.Nd4 Bd7 14.Re3 O-O 15.Rh3 f6 16.Qh5
h6 17.Rg3 fxe5 18.N2f3 Bf6 19.Nxe5 Ne4 20.Rg6 Be8 21.Ndf3 Bxg6 22.Nxg6 Rf7
23.Qg4 Kh7 24.Qxe6 Qd7 25.Nf4 Qxe6 26.Nxe6 Rb8 27.Be3 Rxb2 28.Ned4 Rc7 29.g3 Nc3
30.a3 Rb1+ 31.Rxb1 Nxb1 32.a4 Rc4 0-1

[Event "2. Bundesliga Ost 2010/2011"]
[Site "2+3.10.Zwettl,30.10-1.11.Wien,27+28.11.Wien,29+30.
[Date "2010.11.01"]
[Round "5"]
[Board "6"]
[White "Hechl, Gerald"]
[Black "Haas, Bernhard"]
[Result "1-0"]
[WhiteElo "2261"]
[BlackElo "1989"]
[PlyCount "69"]
[EventDate "2010.10.02"]
[EventType "team"]
[EventRounds "11"]
[EventCountry "AUT"]
[WhiteTeam "Spg Data Technology Eichgraben/P."]
[BlackTeam "Husek Wien"]

1.b3 d5 2.f4 Nf6 3.Nf3 c5 4.Bb2 Nc6 5.e3 e6 6.Bd3 Bd6 7.O-O O-O 8.Ne5 Qe7 9.Qe1
Nb4 10.Qh4 Nxd3 11.cxd3 Nd7 12.Qg3 f5 13.Nc3 Nf6 14.Nb5 Bb8 15.Ba3 a6 16.Nd4 Bd6
17.Ndf3 Bd7 18.Rac1 Rac8 19.Qh4 Be8 20.Rc2 b5 21.Rfc1 Rc7 22.d4 c4 23.Bxd6 Qxd6
24.d3 cxb3 25.Rxc7 b2 26.Qe1 bxc1=Q 27.Qxc1 Qb4 28.Ng5 Kh8 29.Nxe6 Rg8 30.h3 Qa4
31.Rc8 Qxa2 32.Qc7 Qb1+ 33.Kh2 Nh5 34.Qf7 Bxf7 35.Nxf7# 1-0

[Event "2. Bundesliga Ost 2010/2011"]
[Site "2+3.10.Zwettl,30.10-1.11.Wien,27+28.11.Wien,29+30.
[Date "2010.11.01"]
[Round "5"]
[Board "1"]
[White "Papp, Gabor"]
[Black "Zilka, Stepan"]
[Result "1/2-1/2"]
[WhiteElo "2526"]
[BlackElo "2479"]
[PlyCount "126"]
[EventDate "2010.10.02"]
[EventType "team"]
[EventRounds "11"]
[EventCountry "AUT"]
[WhiteTeam "ASVOE SK Mattersburg"]
[BlackTeam "Blackburne Nickelsdorf"]

1.e4 e5 2.Nf3 Nc6 3.Bb5 a6 4.Ba4 Nf6 5.O-O Be7 6.Re1 b5 7.Bb3 d6 8.c3 O-O 9.h3
Bb7 10.d4 Re8 11.Nbd2 Bf8 12.a3 h6 13.Bc2 Nb8 14.b3 Nbd7 15.a4 c6 16.Bb2 g6
17.Bd3 Bg7 18.Qc2 Nh7 19.axb5 axb5 20.Rxa8 Bxa8 21.b4 Nb6 22.dxe5 dxe5 23.c4
bxc4 24.Nxc4 Nxc4 25.Bxc4 Qe7 26.Bc3 Bb7 27.Ra1 Ng5 28.Nxg5 hxg5 29.Ra7 Ra8
30.Qa2 Rxa7 31.Qxa7 Bf6 32.Qb8+ Kg7 33.f3 Kh7 34.Kf2 Kg7 35.Ke2 Kh7 36.Kd2 Bg7
37.Kc2 f6 38.Qg8+ Kh6 39.Bd2 Qf8 40.Qe6 Kh7 41.g4 Qa8 42.Qf7 Ba6 43.Be3 Bxc4
44.Qxc4 Qa3 45.Qb3 Qa6 46.Kd2 Qf1 47.Bc5 Qxh3 48.Qd3 Qg2+ 49.Ke1 Qa2 50.Qd7 Qa8
51.Kf2 Kh6 52.Kg3 Qa6 53.Qe8 Kh7 54.Qd8 Qf1 55.Qd2 Qa6 56.Kf2 Qa4 57.Qd7 Kh6
58.Qe8 Kh7 59.Qf7 Qc2+ 60.Kg3 Qd1 61.Qb7 Qe1+ 62.Bf2 Qc3 63.Kg2 Qc4 1/2-1/2